000 00679nam a22001817a 4500
008 260323b |||||||| |||| 00| 0 eng d
020 _a9780573640032
050 _aPR9369.3
_b.F84 B56 1989
100 _aFugard, Athol,
_dauthor.
245 _aBlood knot :
_ba play in seven scenes /
_cAthol Fugard.
260 _aNew York :
_bSamuel French,
_c1989
300 _a85p. ;
_c12cm.
520 _aA dramatic play exploring themes of race, identity, and brotherhood in apartheid-era South Africa.
650 _aBrothers
_vDrama.
650 _aApartheid
_vDrama.
650 _aSouth Africa
_vDrama.
_xSocial conditions
942 _2lcc
_cBOOKS
_hPR9369.3.F84 B56 1989
999 _c32374
_d32374